000 00821nam a2200217Ia 4500
999 _c41333
_d41333
001 7991
003 GE_BSU
005 20221003171910.0
008 181216s2013ge xx |||||||||||||| ||geo||
020 _a9789941058929
040 _cGE_BSU
041 _ageo
080 _a349.2(094.4) ზ-53
100 _aზენაიშვილი, ამირან
_99061
245 _aსაქართველოს შრომის კოდექსის კომენტარები /
_cამირან ზენაიშვილი.
264 _aთბილისი,
_c2013.
300 _a20 სმ.:
_c52 გვ.
653 _aსაქართველოს შრომის კოდექსის კომენტარები
653 _aსამართალი
942 _cBK
_2udc